000 01107cam a2200313 a 4500
001 2878669
003 ARRUPE
005 20131024172059.0
008 860626s1987 nju b 001 0 eng
010 _a 86016097
020 _a0887381308
040 _aDLC
_cDLC
_dDLC
043 _an-us---
050 0 0 _aBX2350.57
_b.N45 1987
100 1 _aNeitz, Mary Jo,
_d1951-
_93004
245 1 0 _aCharisma and community :
_ba study of religious commitment within the charismatic renewal /
_cMary Jo Neitz.
260 _aNew Brunswick, U.S.A. :
_bTransaction Books,
_cc1987.
300 _axxi, 294 p. ;
_c24 cm.
490 1 _aNew observations
500 _aIncludes index.
504 _aBibliography: p. 275-286.
610 2 0 _aCatholic Church
_zUnited States
_xHistory
_y20th century.
_93005
650 0 _aPentecostalism
_xCatholic Church.
_93006
650 0 _aPentecostalism
_zUnited States.
_93007
651 0 _aUnited States
_xChurch history
_y20th century.
_93008
830 0 _aNew observations (New Brunswick, N.J.)
_93009
906 _a7
_bcbc
_corignew
_d1
_eocip
_f19
_gy-gencatlg
942 _2lcc
_cMONOGRAPH
999 _c118462
_d118462